| 000 | 00680nam a22002177a 4500 | ||
|---|---|---|---|
| 003 | PILC | ||
| 005 | 20160112114650.0 | ||
| 008 | 121123t xxu||||| |||| 00| 0 eng d | ||
| 020 | _a0590254766 | ||
| 050 |
_aPZ 7 _b.L54874Li 1950 |
||
| 082 |
_aFIC _bL58cn 1994 |
||
| 100 |
_aLewis, C. S. _96322 |
||
| 245 |
_aThe chronicles of narnia : _bthe lion, the witch and the wardrobe / _cC. S. Lewis. |
||
| 260 |
_aNew York : _bHarper Trophy, _c1994. |
||
| 300 |
_a206 p. ; _c17 cm. _bill. ; |
||
| 650 |
_a Narnia ( Imaginary place ), Juvenile fiction. _93293 |
||
| 650 |
_a Fantastic fiction. _94901 |
||
| 650 |
_a Children's stories. _93210 |
||
| 942 |
_2lcc _cBK |
||
| 999 |
_c10711 _d10711 |
||